000 01252nam a22003135a 4500
999 _c25063
_d25035
003 OSt
005 20190616140533.0
008 170724s2016 ua a grb 000 0 ara d
017 _a2015 / 23121
020 _a9789773994037
040 _aEG-ScBUE
_bara
_cEG-ScBUE
043 _af-ua---
082 0 4 _a302.230962
_bص د ي
_222
100 1 _aصديق، رامي عطا،
_d1977-
245 1 3 _aالإعلام والانتخابات :
_bنحو مدونة سلوك في مواجهة المهنية الغائبة /
_cتقديم هويدا مصطفى ؛ تأليف رامي عطا صديق، فاطمة شعبان أبو الحسن.
250 _aط. 1.
260 _aالقاهرة :
_bأطلس للنشر والإنتاج الإعلامي،
_c2016.
300 _a320 ص. :
_bإيض. ؛
_c24 سم.
504 _aببليوجرافية : ص. 309-314.
541 _aإهداء من د. محمد شومان.
590 _aWessam
650 7 _aوسائل الإعلام
_xجوانب سياسية
_zمصر.
_2BUEsh
650 7 _aالانتخابات
_bمصر.
_2BUEsh
651 _2BUEsh
653 _bBUSBOL
_bCOMAME
_cJuly2017
700 1 _aمصطفى، هويدا،
_eمقدم.
700 1 _aأبو الحسن، فاطمة شعبان.
942 _2ddc